000 00392nam a2200145 i 4500
001 bg
100 1 _aBOJARSKI, Włodzimierz W.
245 0 _aPodstawy metodyczne oceny efektywności w systemach energetycznych /
_cWłodzimierz Bojarski.
260 _aWrocław,
_c1979.
040 _cBPK
041 _apol
080 _a620.9.003
942 _cKS
008 s pl f |000 0 pol
999 _c18573
_d18573
856 _uhttp://koha.tu.koszalin.pl/cgi-bin/koha/opac-detail.pl?biblionumber=18573
_yKatalog online BPK